Geography containing VA-VZ - Statistics

General Stats
  • This quiz has been taken 9 times
  • The average score is 7 of 26
Answer Stats
Contains: Clue Answer % Correct
VA America is back, ready to dominate Fijian city (4 letters) Suva
88%
VO Madagascar's capital city (12) Antananarivo
75%
VI Island near St. Kitts with the name of a Scottish mountain (5) Nevis
63%
VG Major Russian city, formerly known as Gorky (14) Nizhny Novgorod
50%
VN The main town of the Faroe Islands (8) Torshavn
50%
VP Valid gas up in Latvian city - perhaps a place where man's best friend is given a beer? (10) Daugavpils
38%
VV District of Naples whose name refers to the Madonna, as the "advocate" of humanity (8) Avvocata
25%
VJ Croatian village where a greatest hits album is heard playing - on cassette, finally (8) Bestovje
25%
VU Novel, by the sounds of it, about a city of the eastern D.R. Congo (6) Bukavu
25%
VS City which is the capital of the Udmurt Republic in eastern European Russia (7) Izhevsk
25%
VY Ukrainian city whose difficult spelling always makes one weep (9) Kryvyi Rih
25%
VE Born in southern town of Sao Tome (5) Neves
25%
VF Hungarian village where minister appears to be unable to eat any more food, due to surgery (8) Révfülöp
25%
VB Nothing in the air in this Danish village (6) Skovby
25%
VH Ethnic eastern European deals with an issue about door in Ukrainian village (9) Slavhorod
25%
VK The capital of North Ossetia–Alania, Russia, on the Terek River (11) Vladikavkaz
25%
VT Ukrainian city whose name has the same beginning as the infamous nuclear plant, but its ending is different (10) Chernivtsi
13%
VZ A no. 1 town in Tajikistan, with features of the Garden of England (8) Avzikent
13%
VR Town in Panama whose name means "park" and a French surname meaning a blacksmith, from the word for iron; the surname could also be translated as "the fever" (13) Parque Lefevre
13%
VD Interesting apses used as building section in village of Cyprus, from which the Mediterranean is visible (7) Psevdas
13%
VW Town in a western area of Tanzania (5) Vwawa
13%
VL Eastern European reappears, after a year where the East was gone, with nothing left (9) Yaroslavl
13%
VX Eastern Greek locale, in the place where a city is found (12) Evxinoúpolis
0%
VM Hooker seen at Swedish village by an outcrop of rock at a car park (10) Hovmantorp
0%
VC Slovakian town where Jordan has nothing left in terms of energy (10) Michalovce
0%
VQ Locality in Greenland to be taken over by the USA, have sulphur dumped in it, and be annexed to Quebec (9) Tovqussaq
0%
No matching quizzes found
Score Distribution
Percent of People with Each Score
Percentile by Number Answered
Your Score History
You have not taken this quiz